Dictionary of earth science (Record no. 71396)

MARC details
000 -LEADER
fixed length control field 00855nam a2200265Ia 4500
003 - CONTROL NUMBER IDENTIFIER
control field OSt
005 - DATE AND TIME OF LATEST TRANSACTION
control field 20251216100000.0
008 - FIXED-LENGTH DATA ELEMENTS--GENERAL INFORMATION
fixed length control field 220909b |||||||| |||| 00| 0 eng d
020 ## - INTERNATIONAL STANDARD BOOK NUMBER
International Standard Book Number 8173714460
037 ## - SOURCE OF ACQUISITION
Terms of availability Reference
040 ## - CATALOGING SOURCE
Original cataloging agency CSL
Transcribing agency CSL
041 ## - LANGUAGE CODE
Language code of text/sound track or separate title eng
Source of code eng
084 ## - COLON CLASSIFICATION NUMBER
Classification number Hk P3 RR
Assigning agency CSL
100 ## - MAIN ENTRY--PERSONAL NAME
Personal name Clark, John O E
Relator term author
9 (RLIN) 856816
245 #0 - TITLE STATEMENT
Title Dictionary of earth science
260 ## - PUBLICATION, DISTRIBUTION, ETC.
Place of publication, distribution, etc. Hyderabad
Name of publisher, distributor, etc. Universities Press (India) Private Limited
Date of publication, distribution, etc. 2003
300 ## - PHYSICAL DESCRIPTION
Extent 1-362 p.
Other physical details : ill.
500 ## - GENERAL NOTE
General note Appendix 361-362p.
650 ## - SUBJECT ADDED ENTRY--TOPICAL TERM
Topical term or geographic name entry element Dictionary
9 (RLIN) 856817
650 ## - SUBJECT ADDED ENTRY--TOPICAL TERM
Topical term or geographic name entry element Earth Science
9 (RLIN) 856818
650 ## - SUBJECT ADDED ENTRY--TOPICAL TERM
Topical term or geographic name entry element Geology
9 (RLIN) 856819
700 ## - ADDED ENTRY--PERSONAL NAME
Personal name Stiegeler, Stella
Relator term editor
9 (RLIN) 856820
942 ## - ADDED ENTRY ELEMENTS (KOHA)
Classification part Hk, P3 RR
Koha item type Reference
Source of classification or shelving scheme Colon Classification (CC)
Suppress in OPAC No
Holdings
Withdrawn status Lost status Damaged status Not for loan Home library Current library Date acquired Source of acquisition Total Checkouts Full call number Barcode Date last seen Price effective from Koha item type
        Central Science Library Central Science Library 2022-09-12 291256, 14/03/2006, Worldwide Book Traders   Hk P3 RR SL1378049 2022-09-12 2022-09-12 Textual
Copyright @ Delhi University Library System